[Event "Kurbadet Sandefjord GP B"]
[Site "Kurbadet"]
[Date "2017.10.27"]
[Round "3"]
[White "Tidemann Andersen, Leif"]
[Black "Fossum, Sindre"]
[Result "0-1"]
[WhiteElo "1376"]
[BlackElo "1475"]
[PlyCount "96"]
[EventDate "2017.10.27"]
[EventType "swiss (rapid)"]
[EventRounds "6"]
[EventCountry "NOR"]
[SourceTitle "EXT 2024"]
[Source "ChessBase"]
[SourceDate "2023.10.10"]
[SourceVersion "1"]
[SourceVersionDate "2023.10.10"]
[SourceQuality "1"]

1. e4 c6 2. g3 d5 3. exd5 cxd5 4. d4 Bf5 5. Nf3 Nf6 6. Bg2 e6 7. 0-0 Bd6 8. c4 dxc4 9. Qa4+ Qd7 10. Qxc4 Nc6 11. Nc3 Na5 12. Qe2 0-0 13. Bg5 Be7 14. Rfd1 Nd5 15. Nxd5 Bxg5 16. Nxg5 exd5 17. Nf3 f6 18. Rac1 Rfe8 19. Qd2 Nc4 20. Qb4 Rac8 21. b3 a5 22. Qc3 Ne3 23. Qxa5 Nxd1 24. Rxd1 Ra8 25. Qd2 Bg4 26. Re1 Qf5 27. Nh4 Rxe1+ 28. Qxe1 Qe6 29. Qd2 Re8 30. Nf3 Qe2 31. Qxe2 Rxe2 32. Kf1 Rxa2 33. Ne1 Be2+ 34. Kg1 Ra5 35. f4 Bh5 36. Nd3 Ra1+ 37. Kf2 Ra2+ 38. Kg1 Rd2 39. Bxd5+ Bf7 40. Bxf7+ Kxf7 41. Nc5 b5 42. f5 Rxd4 43. Ne6 Rd5 44. g4 g6 45. Nc7 Rd4 46. fxg6+ hxg6 47. Nxb5 Rxg4+ 48. Kf2 Rb4 0-1